Effectiveness of antibiotic to treatment piglet diarrhe at chea sokleng farm, somrong district, takeo province; ប្រសិទ្ធភាពឱសថ Antibiotic ព្យាយាមជំងឺរាកកូនជ្រូកនៅកសិដ្ឋាន ជា សុខឡេង ស្រុកសំរោង ខេត្តតាកែវ (Record no. 8163)

000 -LEADER
fixed length control field 00725nam a22001337a 4500
040 ## - CATALOGING SOURCE
Transcribing agency RUA
082 ## - DEWEY DECIMAL CLASSIFICATION NUMBER
Classification number VEM KHO 2015 B482 Or.1
100 ## - MAIN ENTRY--AUTHOR NAME
Personal name KHOUN BOREY; ឃួន បូរី
245 ## - TITLE STATEMENT
Title Effectiveness of antibiotic to treatment piglet diarrhe at chea sokleng farm, somrong district, takeo province; ប្រសិទ្ធភាពឱសថ Antibiotic ព្យាយាមជំងឺរាកកូនជ្រូកនៅកសិដ្ឋាន ជា សុខឡេង ស្រុកសំរោង ខេត្តតាកែវ
260 ## - PUBLICATION, DISTRIBUTION, ETC. (IMPRINT)
Place of publication Phnom Penh
Name of publisher RUA
Year of publication 2015
300 ## - PHYSICAL DESCRIPTION
Number of Pages ix;41p.
Other physical details ill.
Dimensions 29cm.
856 ## - ELECTRONIC LOCATION AND ACCESS
Uniform Resource Identifier https://drive.google.com/file/d/1Ay9vGb4TpzWcZcGoIU2Iiadcil22luXC/view?usp=sharing
942 ## - ADDED ENTRY ELEMENTS (KOHA)
Koha item type VEM
952 ## - LOCATION AND ITEM INFORMATION (KOHA)
Withdrawn status [LOCAL, KOHA] 0
952 ## - LOCATION AND ITEM INFORMATION (KOHA)
Withdrawn status [LOCAL, KOHA] 0
952 ## - LOCATION AND ITEM INFORMATION (KOHA)
Withdrawn status [LOCAL, KOHA] 0
952 ## - LOCATION AND ITEM INFORMATION (KOHA)
Withdrawn status [LOCAL, KOHA] 0
952 ## - LOCATION AND ITEM INFORMATION (KOHA)
Withdrawn status [LOCAL, KOHA] 0
952 ## - LOCATION AND ITEM INFORMATION (KOHA)
Withdrawn status [LOCAL, KOHA] 0
952 ## - LOCATION AND ITEM INFORMATION (KOHA)
Withdrawn status [LOCAL, KOHA] 0
952 ## - LOCATION AND ITEM INFORMATION (KOHA)
Withdrawn status [LOCAL, KOHA] 0
952 ## - LOCATION AND ITEM INFORMATION (KOHA)
Withdrawn status [LOCAL, KOHA] 0
952 ## - LOCATION AND ITEM INFORMATION (KOHA)
Withdrawn status [LOCAL, KOHA] 0
952 ## - LOCATION AND ITEM INFORMATION (KOHA)
Withdrawn status [LOCAL, KOHA] 0
Holdings
Permanent Location Date acquired Koha item type Lost status Shelving location Barcode Current Location Full call number
Library Block B2016-06-29VEM B482RUA059677Library Block BVEM KHO 2015 B482 Or.1
Library Block B2016-06-29VEM B482RUA057322Library Block BVEM KHO 2015 B482 Or.2
Library Block B2016-06-29VEM B482RUA057262Library Block BVEM KHO 2015 B482 Or.3
Library Block B2016-06-29VEM B482RUA057202Library Block BVEM KHO 2015 B482 Or.4
Library Block B2016-06-29VEM B482RUA057501Library Block BVEM KHO 2015 B482 Or.5
Library Block B2016-06-29VEM B482RUA057321Library Block BVEM KHO 2015 B482 Or.6
Library Block B2016-06-29VEM B482RUA057452Library Block BVEM KHO 2015 B482 Or.7
Library Block B2016-06-29VEM B482RUA057261Library Block BVEM KHO 2015 B482 Or.8
Library Block B2021-11-22VEM B694A067696Library Block BVEM KHO 2015 B694 Or.1
Library Block B2021-11-22VEM B694A066496Library Block BVEM KHO 2015 B694 Or.1
Library Block B2021-11-22VEM B694A066556Library Block BVEM KHO 2015 B694 Or.1
មជ្ឈមណ្ឌលឯការនៃសាកលវិទ្យាល័យភូមិន្ទកសិកម្មចំការដូង

Powered by Koha